000 00697nam a22002057a 4500
003 OSt
005 20230127134523.0
008 221006b |||||||| |||| 00| 0 eng d
040 _cBiblioteca Lado V
082 _a700.74
_bL447e
100 _eeditor
_9689
_aLee, Gahyun
245 _aThe Eighth Climate: What Does Art Do?/
_bThe 11th Gwangju Biennale/
260 _bGwangju Biennale Foundation
_aKorea
300 _c25x33cm
_a213p.
650 _2Tesauro de Arte & Arquitectura
_aARTE
650 _2Tesauro de Arte & Arquitectura
_aCATALOGO
650 _2Tesauro de Arte & Arquitectura
_aBIENAL
700 _aRobinson, Alistair
_etextos
942 _2ddc
_c1
_h700.74
_iL447e
_n0
999 _c2973
_d2973